000 01358cam a2200385 a 4500
001 10252309
003 USPCAS-E
005 20180118181417.0
006 m u
007 cr cn|||||||||
008 120114s2011 gw ad sb 001 0 eng d
020 _z9783527408566
020 _z9783527634583 (e-book)
035 _a(CaPaEBR)ebr10518765
035 _a(NNC)10252309
040 _aCaPaEBR
_cCaPaEBR
050 1 4 _aQB351
_b.K67 2011eb
082 _223
_a521
_bKOP-P 2011
100 1 _aKopeikin, Sergei.
245 1 0 _aRelativistic celestial mechanics of the solar system
_h[electronic resource] /
_cSergei Kopeikin, Michael Efroimsky, and George Kaplan.
260 _aWeinheim [Germany] :
_bWiley-VCH,
_c2011.
300 _axxxi, 860 p. :
_bill.
502 _a.
504 _aIncludes bibliographical references and index.
533 _aElectronic reproduction.
_bPalo Alto, Calif. :
_cebrary,
_d2012.
_nAvailable via World Wide Web.
_nAccess may be limited to ebrary affiliated libraries.
650 0 _aCelestial mechanics.
650 0 _aRelativity (Physics)
655 7 _aElectronic books.
_2local
700 1 _aEfroimsky, Michael.
700 1 _aKaplan, George.
710 2 _aebrary, Inc.
856 4 0 _uhttp://www.columbia.edu/cgi-bin/cul/resolve?clio10252309
_zClick here for full text.
942 _2ddc
_cBK
999 _c355905
_d355905